[Event "XX TORNEO MAGISTRAL INTERNACIONAL DE ELG"]
[Site "Elgoibar "]
[Date "2010.12.14"]
[Round "1.4"]
[White "Astasio Lopez, David"]
[Black "Munoz Pantoja, Miguel"]
[Result "1/2-1/2"]
[WhiteElo "2332"]
[BlackElo "2508"]
[PlyCount "55"]
[EventDate "2010.12.14"]

1. d4 Nf6 2. Nf3 c5 3. c3 cxd4 4. cxd4 d5 5. Nc3 Nc6 6. Bf4 Qb6 7. Qb3 Qxb3 8.
axb3 e6 9. e3 Bd7 10. h3 Bb4 11. Bd3 Na5 12. Nd2 Rc8 13. Rc1 a6 14. O-O O-O 15.
Rc2 Rc6 16. Rfc1 Rfc8 17. Ncb1 Rxc2 18. Rxc2 Bc6 19. g4 Kf8 20. Be5 h6 21. Kf1
Nd7 22. Bg3 Ke7 23. Ke2 f6 24. Nc3 Rh8 25. Rc1 e5 26. Bf5 e4 27. Bc7 Ra8 28.
Ra1 1/2-1/2